| 000 | 01465nam a22003977a 4500 | ||
|---|---|---|---|
| 003 | CHAP | ||
| 005 | 20220329135302.0 | ||
| 008 | 971013s1977 r 00010 d | ||
| 010 | _a33777 | ||
| 011 | _a34749 | ||
| 035 | _a38865 | ||
| 040 | _cCHAP | ||
| 090 | _aTesis | ||
| 100 | 0 | 0 |
_aMejía Ayala, Carlos Jr. _974242 |
| 245 | _aDeterminación de deficiencias y toxicidades de minerales de bovinos en pastoreo en el Municipio de Cerralvo, Nuevo León. (invierno 1976-1977). 1. Determinación de niveles | ||
| 260 |
_aMonterrey, N.L. : _bEl autor, _c1977 |
||
| 300 | _a148 h | ||
| 502 | _aTesis (Ing. Agrónomo Zootecnista) -- ITESM. Div. de Ciencias Agropecuarias y Marítimas | ||
| 590 |
_aALEPH _b10 _c20130110 _lUCH01 _h1258 |
||
| 590 |
_aBATCH-UPD _b10 _c20130110 _lUCH01 _h0055 |
||
| 590 |
_aBATCH-UPD _b10 _c20130110 _lUCH01 _h0926 |
||
| 590 |
_aBATCH-UPD _b10 _c20130409 _lUCH01 _h2043 |
||
| 590 |
_aBATCH-UPD _b10 _c20130410 _lUCH01 _h0547 |
||
| 590 |
_aBATCH-UPD _b10 _c20130914 _lUCH01 _h1430 |
||
| 590 |
_aCONVERSION _b10 _c20130109 _lUCH01 _h1319 |
||
| 650 | 1 | 4 |
_aAnimales _xDeficiencias nutritivas. _95858 |
| 650 | 1 | 4 |
_aForrajes _xComposición. _942563 |
| 650 | 1 | 4 |
_aGanado vacuno _xNuevo León. _945497 |
| 650 | 1 | 4 |
_aGanado vacuno _xNutrición. _945498 |
| 650 | 1 | 4 |
_aPastoreo. _985984 |
| 650 | 1 | 4 |
_aSerodiagnóstico. _9105179 |
| 650 | 1 | 4 |
_aToxicología veterinaria. _9114457 |
| 901 | _aBK | ||
| 942 | _cTESIS | ||
| 949 |
_bBC _cTES _d-88770 _eTS1 _i38865 _si |
||
| 999 |
_c33777 _d33777 |
||